00836 a2200181 45000010006000000050017000060080041000230030015000640400040000790800035001192450105001540200022002592640041002813000019003225050271003410410008006121000034006206058220260407155857.0260407a2009 arg spa dAR-UNSa-BCEJYS aAR-UNSa-BCEJYSbspacAR-UNSa-BCEJYS a330.34xDesarrollo Económico10aA la búsqueda de un nuevo modelo de producción y bienestarpUna visión cosmopolita desde Salta a978-987-1618-06-4 1aSalta :bMundo Gráfico Saltac2009 a192 p.c18 cm. a1. Introducción - 2. Una de entre varias miradas posibles – 3. Imprescindible viaje por nuestra historia – 4. El segundo bicentenario como oportunidad – 5. El valor de las ideas y del realismo – 6. Algunas ideas (en borrador) para el bicentenario de 2016  aspa1 aCaro Figueroa, José Armando